[Event "28th Chicago Open"]
[Site "Chicago"]
[Date "2019.05.27"]
[Round "9"]
[White "Durarbayli, Vasif"]
[Black "Swiercz, Dariusz"]
[Result "1/2-1/2"]
[WhiteElo "2623"]
[BlackElo "2667"]
[PlyCount "88"]
[EventDate "2019.05.??"]
[EventType "swiss"]
[EventRounds "9"]
[EventCountry "USA"]

1. e4 e5 2. Nf3 Nc6 3. Bb5 a6 4. Ba4 Nf6 5. O-O Be7 6. Re1 b5 7. Bb3 O-O 8. d3
d6 9. c3 h6 10. h3 Re8 11. a4 Bd7 12. Be3 Bf8 13. Nbd2 Na5 14. Bc2 c5 15. d4
exd4 16. cxd4 Nc6 17. dxc5 dxc5 18. Nb3 c4 19. Nc5 Nb4 20. Nxd7 Qxd7 21. Bb1
Nd3 22. Bxd3 cxd3 23. e5 Ne4 24. axb5 Qxb5 25. Qa4 Nc5 26. Qxb5 axb5 27. Rxa8
Rxa8 28. Rd1 Ra2 29. b4 Ne6 30. Rxd3 Rb2 31. Nd4 Rxb4 32. Nxe6 fxe6 33. Kf1 g5
34. Rd8 Rb1+ 35. Ke2 Kf7 36. Rb8 Bg7 37. f4 gxf4 38. Bxf4 h5 39. Rb7+ Kg6 40.
g4 Rb2+ 41. Kf3 Rb3+ 42. Ke4 Rb4+ 43. Kf3 Rb3+ 44. Ke4 Rb4+ 1/2-1/2

[Event "28th Chicago Open"]
[Site "Chicago"]
[Date "2019.05.27"]
[Round "9"]
[White "Quesada Perez, Yuniesky"]
[Black "Xiong, Jeffery"]
[Result "1/2-1/2"]
[WhiteElo "2622"]
[BlackElo "2679"]
[PlyCount "52"]
[EventDate "2019.05.??"]
[EventType "swiss"]
[EventRounds "9"]
[EventCountry "USA"]

1. e4 g6 2. d4 Bg7 3. Nc3 d6 4. Be3 a6 5. Qd2 b5 6. h4 h6 7. f4 Nf6 8. Bd3 Bb7
9. a3 Ng4 10. Nf3 Nd7 11. e5 e6 12. O-O-O Qe7 13. Bg1 h5 14. Ne4 Bxe4 15. Bxe4
d5 16. Bd3 Nb6 17. Qb4 Qd7 18. Qe1 Nc4 19. Nd2 Nxd2 20. Qxd2 Bf8 21. Be2 Nh6
22. Qa5 Be7 23. Rh3 Bd8 24. Qd2 Be7 25. Qa5 Bd8 26. Qd2 Be7 1/2-1/2

[Event "28th Chicago Open"]
[Site "Chicago"]
[Date "2019.05.27"]
[Round "9"]
[White "Nyzhnyk, Illya"]
[Black "Shimanov, Aleksandr"]
[Result "1/2-1/2"]
[WhiteElo "2644"]
[BlackElo "2614"]
[PlyCount "54"]
[EventDate "2019.05.??"]
[EventType "swiss"]
[EventRounds "9"]
[EventCountry "USA"]

1. Nf3 Nf6 2. g3 d5 3. Bg2 c6 4. O-O Bg4 5. d3 Nbd7 6. h3 Bh5 7. Qe1 e5 8. e4
dxe4 9. dxe4 Bc5 10. Nh4 O-O 11. Kh1 Re8 12. Nd2 a5 13. a4 Bb4 14. Qe3 Bc5 15.
Qd3 Nf8 16. Qxd8 Rexd8 17. Bf3 Bxf3+ 18. Nhxf3 N6d7 19. Nc4 f6 20. Bd2 Bb4 21.
Be3 Ne6 22. Kg2 b5 23. c3 bxc4 24. cxb4 axb4 25. Rfc1 Ndc5 26. Bxc5 Nxc5 27.
Rxc4 Rxa4 1/2-1/2

[Event "28th Chicago Open"]
[Site "Chicago"]
[Date "2019.05.27"]
[Round "9"]
[White "Shabalov, Alexander"]
[Black "Bruzon Batista, Lazaro"]
[Result "1-0"]
[WhiteElo "2528"]
[BlackElo "2664"]
[PlyCount "87"]
[EventDate "2019.05.??"]
[EventType "swiss"]
[EventRounds "9"]
[EventCountry "USA"]

1. c4 e6 2. Nc3 Bb4 3. e4 Ne7 4. a3 Bxc3 5. dxc3 d6 6. Be3 b6 7. Qc2 e5 8.
O-O-O O-O 9. f4 exf4 10. Bxf4 Ng6 11. Bg3 Nd7 12. Nf3 Bb7 13. Bd3 Nge5 14. Be2
Re8 15. Rhe1 Qf6 16. Nd2 Qg6 17. Kb1 Nc5 18. Bf3 a5 19. b3 Re7 20. Re3 f6 21.
Rde1 Kh8 22. Kc1 h6 23. Kd1 Rae8 24. a4 Qf7 25. Nf1 Bc6 26. Nd2 Bd7 27. Rf1 Rf8
28. Kc1 Qe8 29. Kb2 Qc8 30. Be2 Rfe8 31. Bh5 Rf8 32. Ka2 Be8 33. Qd1 Bxh5 34.
Qxh5 Qe8 35. Qf5 Qd7 36. Nf3 Ng4 37. Ree1 Rfe8 38. Nh4 Rxe4 39. Ng6+ Kg8 40.
Qd5+ Qf7 41. Nf4 Ne3 42. Qxf7+ Kxf7 43. Rf3 g5 44. Nh5 1-0

[Event "28th Chicago Open"]
[Site "Chicago"]
[Date "2019.05.27"]
[Round "9"]
[White "Gabuzyan, Hovhannes"]
[Black "Sorokin, Aleksey"]
[Result "1-0"]
[WhiteElo "2613"]
[BlackElo "2531"]
[PlyCount "73"]
[EventDate "2019.05.??"]
[EventType "swiss"]
[EventRounds "9"]
[EventCountry "USA"]

1. e4 c6 2. d4 d5 3. exd5 cxd5 4. Bd3 Nc6 5. c3 Nf6 6. Bf4 Bg4 7. Qb3 Qc8 8.
Nd2 e6 9. Ngf3 Be7 10. O-O O-O 11. Rae1 Bh5 12. Qc2 Bg6 13. Bxg6 hxg6 14. Qd3
a6 15. Ng5 Nh5 16. Qh3 Bxg5 17. Bxg5 Re8 18. Qh4 e5 19. dxe5 Nxe5 20. h3 Qc6
21. Qd4 Nd7 22. Be7 Nhf6 23. Re3 Nf8 24. Bxf6 gxf6 25. Rfe1 Rxe3 26. Rxe3 Kg7
27. Nf1 Ne6 28. Qd2 Nc5 29. Ng3 Ne4 30. Qd4 Re8 31. Ne2 Ng5 32. Nf4 Re4 33.
Rxe4 dxe4 34. Nd5 Qe6 35. c4 Qf5 36. Qb6 Nxh3+ 37. gxh3 1-0

[Event "28th Chicago Open"]
[Site "Chicago"]
[Date "2019.05.27"]
[Round "9"]
[White "Liang, Awonder"]
[Black "Shtembuliak, Evgeny"]
[Result "0-1"]
[WhiteElo "2600"]
[BlackElo "2516"]
[PlyCount "88"]
[EventDate "2019.05.??"]
[EventType "swiss"]
[EventRounds "9"]
[EventCountry "USA"]

1. c4 e6 2. Nf3 d5 3. g3 Nf6 4. Bg2 dxc4 5. O-O a6 6. Qc2 b5 7. Ne5 Nd5 8. b3
cxb3 9. Qxb3 Bb7 10. a4 b4 11. d4 Be7 12. Bb2 a5 13. Rc1 O-O 14. Nd2 Ra6 15.
Nd3 Nd7 16. Rc2 Qa8 17. e4 N5f6 18. Rxc7 Bd8 19. Rxb7 Qxb7 20. e5 Nd5 21. Nc4
Rc6 22. Nf4 Nxf4 23. gxf4 Qa6 24. Ne3 Rc8 25. Qd1 Kh8 26. d5 exd5 27. Qxd5 Qe6
28. Qb7 Rb8 29. Qe4 Nc5 30. Qc2 Bb6 31. Nd5 b3 32. Qc3 Ba7 33. Qxa5 Qa6 34. Qd2
Nd3 35. Rf1 Nxb2 36. Qxb2 Qxa4 37. f5 Bd4 38. Qe2 b2 39. Qe4 Rfc8 40. f6 g6 41.
e6 fxe6 42. Nf4 b1=Q 43. Rxb1 Rxb1+ 44. Qxb1 Bxf2+ 0-1

[Event "28th Chicago Open"]
[Site "Chicago"]
[Date "2019.05.27"]
[Round "9"]
[White "Vazquez, Guillermo"]
[Black "Vorontsov, Pavlo"]
[Result "0-1"]
[WhiteElo "2497"]
[BlackElo "2545"]
[PlyCount "104"]
[EventDate "2019.05.??"]
[EventType "swiss"]
[EventRounds "9"]
[EventCountry "USA"]

1. e4 d5 2. exd5 Qxd5 3. Nc3 Qd6 4. d4 Nf6 5. Nf3 g6 6. Nb5 Qb6 7. c4 c6 8. Nc3
Bg7 9. h3 Bf5 10. Be2 Ne4 11. O-O O-O 12. Qb3 Nxc3 13. bxc3 c5 14. Ba3 cxd4 15.
Nxd4 Nc6 16. Nxf5 gxf5 17. Rab1 Qxb3 18. Rxb3 b6 19. c5 bxc5 20. Bxc5 Rac8 21.
Rd1 Rc7 22. Rd5 Rfc8 23. Ba6 Rd8 24. c4 e6 25. Rxd8+ Nxd8 26. Be3 Be5 27. g3
Kf8 28. Bb5 Nc6 29. Rd3 a6 30. Ba4 Na5 31. c5 Nc4 32. Rd8+ Kg7 33. Bc1 Rxc5 34.
Bb3 Na5 35. Bd2 Nxb3 36. axb3 Rc6 37. Ra8 Bd4 38. Kf1 Rc2 39. Be3 Bxe3 40. fxe3
Rc6 41. Rb8 h5 42. h4 Kf6 43. Ke2 Rc2+ 44. Kd3 Rg2 45. Rg8 e5 46. Rg5 e4+ 47.
Kd4 Rd2+ 48. Kc4 Rd3 49. Rxh5 Rxe3 50. Rg5 Re1 51. Kc3 Rd1 52. Rg8 f4 0-1

[Event "28th Chicago Open"]
[Site "Chicago"]
[Date "2019.05.27"]
[Round "9"]
[White "Shetty, Atulya"]
[Black "Baryshpolets, Andrey"]
[Result "1/2-1/2"]
[WhiteElo "2420"]
[BlackElo "2591"]
[PlyCount "93"]
[EventDate "2019.05.??"]
[EventType "swiss"]
[EventRounds "9"]
[EventCountry "USA"]

1. c4 e6 2. g3 d5 3. Bg2 Nf6 4. Nf3 d4 5. O-O c5 6. e3 Nc6 7. exd4 cxd4 8. d3
Bd6 9. Bg5 h6 10. Bxf6 Qxf6 11. Nbd2 Qe7 12. a3 a5 13. Ne4 Bc7 14. b4 f5 15.
Ned2 axb4 16. axb4 Rxa1 17. Qxa1 Qxb4 18. Nxd4 Nxd4 19. Qxd4 O-O 20. Qe3 Ba5
21. Nf3 Bb6 22. Qe2 Rd8 23. Qc2 Qd6 24. Rb1 Bc5 25. d4 Bxd4 26. Nxd4 Qxd4 27.
Bxb7 Bxb7 28. Rxb7 Rc8 29. Qe2 Qxc4 30. Qxc4 Rxc4 31. h4 Kh7 32. Kg2 Kg6 33.
Rb6 Kf6 34. Ra6 f4 35. gxf4 Rxf4 36. Kg3 Rd4 37. Ra5 g6 38. Rb5 h5 39. f3 Rd5
40. Rb8 g5 41. Rh8 g4 42. fxg4 Rd3+ 43. Kf4 e5+ 44. Ke4 Rd4+ 45. Kf3 Rf4+ 46.
Ke3 Rxg4 47. Rxh5 1/2-1/2

[Event "28th Chicago Open"]
[Site "Chicago"]
[Date "2019.05.27"]
[Round "9"]
[White "Ali Marandi, Cemil Can"]
[Black "Santarius, Erik"]
[Result "0-1"]
[WhiteElo "2531"]
[BlackElo "2396"]
[PlyCount "98"]
[EventDate "2019.05.??"]
[EventType "swiss"]
[EventRounds "9"]
[EventCountry "USA"]

1. e4 e5 2. Nf3 Nc6 3. Bb5 a6 4. Ba4 Nf6 5. O-O Be7 6. Re1 d6 7. c3 Bg4 8. h3
Bh5 9. d3 Nd7 10. Nbd2 Nc5 11. Bc2 Ne6 12. Nf1 Ng5 13. Bxg5 Bxg5 14. Ng3 Bxf3
15. Qxf3 g6 16. Rad1 Qf6 17. Qe2 Nd8 18. Nf1 Ne6 19. g3 h5 20. h4 Bh6 21. Ne3
Bxe3 22. Qxe3 g5 23. hxg5 Nxg5 24. Kg2 h4 25. f4 Ne6 26. fxe5 dxe5 27. Rf1 Qg7
28. d4 O-O-O 29. dxe5 Rdg8 30. Bb3 Qxe5 31. Rf5 Qxg3+ 32. Qxg3 Rxg3+ 33. Kf2
Ng5 34. Rd4 Rd8 35. Bc2 Nh3+ 36. Kf1 Rg1+ 37. Ke2 Rg2+ 38. Kd3 Nf2+ 39. Ke3
Ng4+ 40. Kf3 h3 41. Bb3 Rh8 42. Rd1 f6 43. Rh1 Ne5+ 44. Kf4 h2 45. Rxf6 Nd3+
46. Ke3 Rg1 47. Rf1 Rh3+ 48. Ke2 Rg2+ 49. Kd1 Kb8 0-1

[Event "28th Chicago Open"]
[Site "Chicago"]
[Date "2019.05.27"]
[Round "9"]
[White "Homa, Seth"]
[Black "Sheng, Joshua"]
[Result "1/2-1/2"]
[WhiteElo "2245"]
[BlackElo "2451"]
[PlyCount "66"]
[EventDate "2019.05.??"]
[EventType "swiss"]
[EventRounds "9"]
[EventCountry "USA"]

1. c4 e6 2. Nc3 d5 3. e3 Nf6 4. Nf3 c5 5. cxd5 exd5 6. d4 c4 7. e4 Nxe4 8. Nxe4
dxe4 9. Ne5 Bb4+ 10. Bd2 Qxd4 11. Bxb4 Qxe5 12. Bxc4 Nc6 13. Bd6 Qa5+ 14. b4
Qg5 15. Qb3 Qf6 16. O-O-O Bg4 17. f3 O-O-O 18. fxg4 Rxd6 19. Rxd6 Qxd6 20. Bxf7
Nxb4 21. Qe6+ Qxe6 22. Bxe6+ Kc7 23. Kd2 Kd6 24. Bb3 Ke5 25. Rf1 Rd8+ 26. Ke3
Rd3+ 27. Ke2 Rd7 28. Bg8 Rc7 29. Rb1 a5 30. a3 Rc2+ 31. Kf1 Nd3 32. Bxh7 Kf4
33. Rxb7 Rc1+ 1/2-1/2

[Event "28th Chicago Open"]
[Site "Chicago"]
[Date "2019.05.27"]
[Round "9"]
[White "Padhya Saumil"]
[Black "Williams, Justus"]
[Result "1/2-1/2"]
[WhiteElo "2188"]
[BlackElo "2355"]
[PlyCount "76"]
[EventDate "2019.05.??"]
[EventType "swiss"]
[EventRounds "9"]
[EventCountry "USA"]

1. e4 e5 2. Nf3 Nc6 3. Bb5 a6 4. Ba4 Nf6 5. d3 Bc5 6. O-O b5 7. Bb3 d6 8. c3
Bb7 9. a4 Bb6 10. Be3 Bxe3 11. fxe3 Ne7 12. Nh4 Ng6 13. Nf5 O-O 14. Nd2 c6 15.
Qf3 d5 16. Rad1 Rb8 17. axb5 axb5 18. exd5 cxd5 19. d4 e4 20. Qg3 Ra8 21. Nb1
b4 22. cxb4 Ba6 23. Nc3 Rb8 24. Rf2 Kh8 25. Qd6 Rb6 26. Qc5 Ng4 27. Rfd2 Qb8
28. g3 Rf6 29. Qxd5 Qxb4 30. Nxe4 Rxf5 31. Qxf5 Nxe3 32. Qf3 Nxd1 33. Qxd1 f5
34. Ng5 h6 35. Nf7+ Kh7 36. Ng5+ Kh8 37. Nf7+ Kh7 38. Ng5+ Kh8 1/2-1/2

[Event "28th Chicago Open"]
[Site "Chicago"]
[Date "2019.05.27"]
[Round "9"]
[White "Posthuma, Joshua"]
[Black "Eidelman, Gabriel"]
[Result "1-0"]
[WhiteElo "2327"]
[BlackElo "2128"]
[PlyCount "77"]
[EventDate "2019.05.??"]
[EventType "swiss"]
[EventRounds "9"]
[EventCountry "USA"]

1. d4 Nf6 2. c4 g6 3. Nc3 Bg7 4. e4 d6 5. f3 O-O 6. Be3 e5 7. Nge2 exd4 8. Nxd4
Re8 9. Qd2 Nbd7 10. O-O-O Ne5 11. h4 h5 12. Bg5 Be6 13. Nd5 Bxd5 14. cxd5 Qc8
15. Kb1 c5 16. dxc6 bxc6 17. Be2 d5 18. Bxf6 Bxf6 19. exd5 cxd5 20. g4 hxg4 21.
h5 gxf3 22. Bb5 Rd8 23. hxg6 fxg6 24. Rdg1 Bg7 25. Qh2 Rd6 26. Rg5 Qf8 27. Rxe5
Qf6 28. Nxf3 Qxf3 29. Re7 Qf6 30. Rxg7+ Kxg7 31. Qh7+ Kf8 32. Qh8+ Qxh8 33.
Rxh8+ Kf7 34. Rxa8 g5 35. Rxa7+ Kf6 36. Ra6 Rxa6 37. Bxa6 Ke5 38. Be2 Kd4 39.
Kc2 1-0

[Event "28th Chicago Open"]
[Site "Chicago"]
[Date "2019.05.27"]
[Round "9"]
[White "Wu, Logan"]
[Black "Yanayt, Eugene"]
[Result "1-0"]
[WhiteElo "2143"]
[BlackElo "2263"]
[PlyCount "109"]
[EventDate "2019.05.??"]
[EventType "swiss"]
[EventRounds "9"]
[EventCountry "USA"]

1. e4 c5 2. Nf3 d6 3. d4 cxd4 4. Nxd4 Nf6 5. Nc3 g6 6. Be3 Bg7 7. f3 Nc6 8. Qd2
O-O 9. Bc4 Bd7 10. O-O-O Rb8 11. Bb3 Na5 12. h4 b5 13. Bh6 Nc4 14. Qg5 Bxh6 15.
Qxh6 e6 16. g4 Qe7 17. h5 Rfc8 18. g5 Nxh5 19. Nf5 Qf8 20. Bxc4 Rxc4 21. Rxd6
Be8 22. Qxf8+ Kxf8 23. Ne3 Rc5 24. Rg1 Nf4 25. Rg4 Nh3 26. f4 Nf2 27. Rg2 b4
28. Rxf2 bxc3 29. b3 Rb4 30. Nc4 Bc6 31. Rd4 h6 32. a3 Rb8 33. b4 Rcb5 34. Nd6
R5b6 35. gxh6 Ra6 36. Nc4 Kg8 37. Na5 Bb5 38. Rf3 Rc8 39. Rh3 Kh7 40. e5 Rb6
41. Rh2 Rc7 42. Rd8 Bc4 43. Rd4 Bb5 44. Kb1 Rb8 45. Ka2 Ba4 46. Nb3 Bb5 47. Nc5
a5 48. Kb3 axb4 49. axb4 Bc6 50. Na6 Bd5+ 51. Rxd5 exd5 52. Nxc7 d4 53. Nd5 Rd8
54. Nf6+ Kh8 55. h7 1-0

[Event "28th Chicago Open"]
[Site "Chicago"]
[Date "2019.05.27"]
[Round "9"]
[White "Murthy, Pappu"]
[Black "Kraft, Chip"]
[Result "1/2-1/2"]
[WhiteElo "1986"]
[BlackElo "2050"]
[PlyCount "127"]
[EventDate "2019.05.??"]
[EventType "swiss"]
[EventRounds "9"]
[EventCountry "USA"]

1. d4 Nf6 2. c4 g6 3. Nc3 Bg7 4. e4 d6 5. Nge2 c5 6. d5 b5 7. cxb5 a6 8. Ng3 h5
9. Be2 axb5 10. Bxb5+ Nbd7 11. Bg5 Ba6 12. a4 Bxb5 13. axb5 O-O 14. O-O c4 15.
Qe2 Nb6 16. h3 Qc7 17. Ra6 Rxa6 18. bxa6 Ra8 19. Ra1 Kf8 20. Be3 Nfd7 21. Nb5
Qc8 22. a7 Nc5 23. Bd4 Qd7 24. Bxc5 Qxb5 25. Bxb6 Qxb6 26. Qxc4 Bd4 27. Qc6
Bxf2+ 28. Kf1 Rxa7 29. Qxb6 Bxb6 30. Rxa7 Bxa7 31. Ke2 Kg7 32. Kd3 Kf6 33. b4
Ke5 34. b5 e6 35. dxe6 fxe6 36. Ne2 d5 37. Nc3 dxe4+ 38. Nxe4 Kf4 39. g3+ Kf3
40. Ng5+ Kxg3 41. Ke4 h4 42. Ke5 Be3 43. Kf6 e5 44. Kxg6 Kf4 45. Kf6 e4 46.
Ne6+ Kg3 47. Ke5 Kxh3 48. Kxe4 Bb6 49. Kf3 Kh2 50. Nf4 Bc7 51. Nd5 Bd6 52. b6
Kg1 53. Nf4 Kf1 54. Kg4 Ke1 55. Ng2+ Kd2 56. Nxh4 Kc3 57. Nf5 Bb8 58. Ne7 Kc4
59. Kf5 Kb5 60. Nc8 Kc6 61. Ke6 Kb7 62. Kd7 Bh2 63. Kd8 Bg1 64. Kd7 1/2-1/2

[Event "28th Chicago Open"]
[Site "Chicago"]
[Date "2019.05.27"]
[Round "8"]
[White "Quesada Perez, Yuniesky"]
[Black "Durarbayli, Vasif"]
[Result "1/2-1/2"]
[WhiteElo "2622"]
[BlackElo "2623"]
[PlyCount "109"]
[EventDate "2019.05.??"]
[EventType "swiss"]
[EventRounds "9"]
[EventCountry "USA"]

1. e4 e5 2. Nf3 Nc6 3. Bb5 a6 4. Ba4 Nf6 5. O-O b5 6. Bb3 Bc5 7. a4 Rb8 8. Nxe5
Nxe5 9. d4 Bxd4 10. Qxd4 d6 11. Bf4 O-O 12. axb5 axb5 13. f3 c5 14. Qd2 c4 15.
Ba2 Qb6+ 16. Be3 Qc6 17. Nc3 b4 18. Ne2 d5 19. Bf4 Re8 20. Qd4 Qe6 21. Ng3 Ba6
22. Rae1 Rbd8 23. exd5 Rxd5 24. Qa7 b3 25. cxb3 c3 26. Bxe5 Bxf1 27. Bxc3 Qa6
28. Qxa6 Bxa6 29. Rxe8+ Nxe8 30. b4 Rd1+ 31. Kf2 Nd6 32. Bb3 Rb1 33. Bd5 Kf8
34. Be5 Nb5 35. Bc4 Rc1 36. b3 f6 37. Bb8 Rc2+ 38. Ke3 Rxg2 39. Ne4 Ra2 40. Nc5
h5 41. h4 Ke7 42. Bf4 Na3 43. Bxa6 Nc2+ 44. Ke4 Nxb4 45. Bc4 Rg2 46. Ne6 Nc6
47. Nc7 g5 48. Nd5+ Kd8 49. Ne3 Rg1 50. Bh2 Rh1 51. Nf1 Na5 52. Be2 Nxb3 53.
Ke3 Ke7 54. Kf2 Nd4 55. Bd1 1/2-1/2

[Event "28th Chicago Open"]
[Site "Chicago"]
[Date "2019.05.27"]
[Round "8"]
[White "Swiercz, Dariusz"]
[Black "Gabuzyan, Hovhannes"]
[Result "1-0"]
[WhiteElo "2667"]
[BlackElo "2613"]
[PlyCount "55"]
[EventDate "2019.05.??"]
[EventType "swiss"]
[EventRounds "9"]
[EventCountry "USA"]

1. e4 c5 2. Nf3 d6 3. d4 cxd4 4. Nxd4 Nf6 5. Nc3 a6 6. Bd3 g6 7. f3 Nc6 8. Be3
Qb6 9. a3 e5 10. Nf5 Qd8 11. Ng3 Be6 12. Qd2 h5 13. O-O-O Rc8 14. Kb1 Bg7 15.
Bf1 Qa5 16. Qxd6 Bf8 17. Qd2 Bxa3 18. Nd5 Bb4 19. c3 Be7 20. Bc4 Bxd5 21. exd5
Nb8 22. d6 Rd8 23. Qc2 Rxd6 24. Qb3 Nbd7 25. Bxf7+ Kd8 26. Qxb7 Rf8 27. Bxg6
Nd5 28. Ne4 1-0

[Event "28th Chicago Open"]
[Site "Chicago"]
[Date "2019.05.27"]
[Round "8"]
[White "Shimanov, Aleksandr"]
[Black "Ali Marandi, Cemil Can"]
[Result "1-0"]
[WhiteElo "2614"]
[BlackElo "2531"]
[PlyCount "65"]
[EventDate "2019.05.??"]
[EventType "swiss"]
[EventRounds "9"]
[EventCountry "USA"]

1. Nf3 f5 2. g3 Nf6 3. Bg2 g6 4. b3 Bg7 5. Bb2 O-O 6. d4 d6 7. O-O Ne4 8. Nbd2
Nc6 9. Ne1 Ng5 10. f4 Nf7 11. Nc4 e5 12. dxe5 dxe5 13. Bxc6 bxc6 14. Qxd8 Rxd8
15. Bxe5 Nxe5 16. Nxe5 Rd2 17. Rf2 Be6 18. e3 Rad8 19. Rxd2 Rxd2 20. N1f3 Rd6
21. Kf2 c5 22. Ke2 Bd5 23. Rd1 Be4 24. Rd2 h6 25. Nc4 Rxd2+ 26. Nfxd2 Bc6 27.
Nf3 Be4 28. Ne1 Bf8 29. Nd3 Bc6 30. Nce5 Be8 31. Kd2 Kg7 32. Kc3 a6 33. a4 1-0

[Event "28th Chicago Open"]
[Site "Chicago"]
[Date "2019.05.27"]
[Round "8"]
[White "Baryshpolets, Andrey"]
[Black "Shabalov, Alexander"]
[Result "0-1"]
[WhiteElo "2591"]
[BlackElo "2528"]
[PlyCount "96"]
[EventDate "2019.05.??"]
[EventType "swiss"]
[EventRounds "9"]
[EventCountry "USA"]

1. d4 f5 2. g3 Nf6 3. Bg2 g6 4. Nf3 Bg7 5. O-O O-O 6. c4 d6 7. Nc3 c6 8. d5 e5
9. dxe6 Bxe6 10. b3 Na6 11. Ng5 Qe7 12. Bb2 Rad8 13. Qc2 Bc8 14. Rae1 Ng4 15.
Qd2 h6 16. Nh3 g5 17. e3 Qf7 18. f3 Nf6 19. f4 Qh5 20. Nf2 Nc5 21. b4 Ncd7 22.
Na4 b5 23. cxb5 cxb5 24. Nc3 Nb6 25. Nxb5 Ba6 26. Bxf6 Bxf6 27. Nxa7 Bxf1 28.
Rxf1 d5 29. Nc6 Rd6 30. Ne5 Qe8 31. Qd4 Bxe5 32. fxe5 Re6 33. Nd3 Kh7 34. Rc1
Rf7 35. a4 Qxa4 36. Nc5 Qc6 37. Rc3 Na4 38. Bxd5 Nxc3 39. Bc4 Nb5 40. Bxb5 Qxb5
41. Nxe6 Qe2 42. h4 gxh4 43. gxh4 Qa2 44. Qd6 Ra7 45. Nf4 Rg7+ 46. Kf1 Qh2 47.
Ng6 Qh3+ 48. Kf2 Rxg6 0-1

[Event "28th Chicago Open"]
[Site "Chicago"]
[Date "2019.05.27"]
[Round "8"]
[White "Shtembuliak, Evgeny"]
[Black "Quesada Perez, Yasser"]
[Result "1/2-1/2"]
[WhiteElo "2516"]
[BlackElo "2558"]
[PlyCount "111"]
[EventDate "2019.05.??"]
[EventType "swiss"]
[EventRounds "9"]
[EventCountry "USA"]

1. c4 e5 2. Nc3 Nf6 3. Nf3 Nc6 4. e3 Bb4 5. Qc2 Bxc3 6. Qxc3 Qe7 7. b3 O-O 8.
Bb2 Re8 9. a3 d5 10. d4 Nxd4 11. Nxe5 Qxe5 12. Qxd4 Qxd4 13. Bxd4 Be6 14. c5
Bf5 15. f3 Nd7 16. Bb5 c6 17. Be2 b6 18. b4 bxc5 19. bxc5 Rab8 20. g4 Bg6 21.
h4 h6 22. Kf2 Nf8 23. Bd1 f6 24. Ba4 Rec8 25. h5 Bh7 26. Kg3 Ne6 27. Rh2 Kf7
28. Raa2 Ke7 29. Rab2 Kd7 30. Rb4 Rxb4 31. axb4 Nxd4 32. exd4 Rb8 33. Bc2 Bxc2
34. Rxc2 Rxb4 35. Ra2 Rxd4 36. Rxa7+ Ke6 37. Rc7 Rc4 38. Rxc6+ Ke5 39. Rc7 d4
40. Rxg7 Rxc5 41. Rd7 Rd5 42. f4+ Ke6 43. Rxd5 Kxd5 44. Kf3 d3 45. Ke3 d2 46.
Kxd2 Ke4 47. g5 fxg5 48. fxg5 Kf5 49. g6 Kf6 50. Ke3 Kg7 51. Ke4 Kg8 52. Ke5
Kg7 53. Ke6 Kg8 54. Kf6 Kf8 55. g7+ Kg8 56. Kg6 1/2-1/2

[Event "28th Chicago Open"]
[Site "Chicago"]
[Date "2019.05.27"]
[Round "8"]
[White "Sorokin, Aleksey"]
[Black "Harmon-Vellotti, Luke"]
[Result "1-0"]
[WhiteElo "2531"]
[BlackElo "2421"]
[PlyCount "160"]
[EventDate "2019.05.??"]
[EventType "swiss"]
[EventRounds "9"]
[EventCountry "USA"]

1. d4 Nf6 2. c4 e6 3. Nc3 Bb4 4. g3 O-O 5. Bg2 d5 6. Nf3 dxc4 7. O-O c5 8. dxc5
Nc6 9. Qc2 Qa5 10. Ne4 Nxe4 11. Qxe4 Qxc5 12. a3 Ba5 13. Be3 Qd5 14. Qc2 Qb5
15. Rfd1 Rd8 16. Rac1 h6 17. a4 Qb3 18. Rxd8+ Bxd8 19. Nd2 Qxc2 20. Rxc2 Bd7
21. Nxc4 Be7 22. Rd2 Be8 23. b3 Rc8 24. f4 b6 25. Kf2 Kf8 26. h4 Bb4 27. Rd3
Na5 28. Nxa5 Bxa5 29. g4 f6 30. g5 f5 31. Bd4 h5 32. Be5 b5 33. Bf3 g6 34. Kg2
Kf7 35. Bd4 Rd8 36. axb5 Bxb5 37. Rd1 Bb6 38. e3 Rd6 39. Kf2 Bxd4 40. Rxd4 Ke7
41. Rxd6 Kxd6 42. b4 Bc6 43. Bd1 Be4 44. Ke2 Bg2 45. Kd3 Be4+ 46. Kd4 Bc6 47.
Bc2 Bf3 48. Ba4 Bc6 49. Bxc6 Kxc6 50. Ke5 Kb5 51. Kf6 Kxb4 52. Kxg6 a5 53. Kxh5
a4 54. g6 a3 55. g7 a2 56. g8=Q a1=Q 57. Qxe6 Qd1+ 58. Kg5 Qg4+ 59. Kf6 Qxh4+
60. Kxf5 Qh3+ 61. Kf6 Qh6+ 62. Ke7 Qh7+ 63. Kd6 Qd3+ 64. Kc7 Qh7+ 65. Kc6 Kc3
66. f5 Kb2 67. Qe5+ Kb1 68. f6 Qc2+ 69. Kd6 Qd3+ 70. Qd4 Qa6+ 71. Ke5 Qb5+ 72.
Kf4 Qf1+ 73. Ke5 Qb5+ 74. Qd5 Qb2+ 75. Ke6 Qb6+ 76. Kf5 Qb8 77. f7 Qc8+ 78. Kf4
Qf8 79. e4 Qh6+ 80. Kf5 Qh4 1-0

[Event "28th Chicago Open"]
[Site "Chicago"]
[Date "2019.05.27"]
[Round "8"]
[White "Macieja, Bartlomiej"]
[Black "Shetty, Atulya"]
[Result "0-1"]
[WhiteElo "2502"]
[BlackElo "2420"]
[PlyCount "98"]
[EventDate "2019.05.??"]
[EventType "swiss"]
[EventRounds "9"]
[EventCountry "USA"]

1. c4 Nf6 2. Nc3 e5 3. Nf3 Nc6 4. g3 d5 5. cxd5 Nxd5 6. Bg2 Nxc3 7. bxc3 Bc5 8.
O-O O-O 9. d3 Bf5 10. a4 Qd7 11. a5 Bh3 12. Bxh3 Qxh3 13. Qa4 Qe6 14. Be3 Bxe3
15. fxe3 e4 16. Ng5 Qg4 17. a6 Qxg5 18. axb7 Qxe3+ 19. Rf2 Rab8 20. Qxc6 Qb6
21. Qxe4 Rxb7 22. d4 a5 23. c4 c6 24. Rf5 Re7 25. Re5 Rxe5 26. Qxe5 Ra8 27. Ra4
h6 28. Kf2 Qb2 29. Qe4 Ra6 30. Qe8+ Kh7 31. Qe4+ g6 32. c5 Qb3 33. Qf3 Qe6 34.
Qe3 Qh3 35. Kg1 Ra7 36. Qe4 Qd7 37. Kf2 Ra8 38. Qe5 Re8 39. Qf4 Qd5 40. Qf3 Qd7
41. g4 Re6 42. h3 Qe7 43. Qd3 h5 44. gxh5 Qh4+ 45. Kg2 Qg5+ 46. Kh2 Re3 47.
hxg6+ fxg6 48. Qd1 Qf4+ 49. Kg2 Rg3+ 0-1

[Event "28th Chicago Open"]
[Site "Chicago"]
[Date "2019.05.27"]
[Round "8"]
[White "Chua, Alexander"]
[Black "Vazquez, Guillermo"]
[Result "0-1"]
[WhiteElo "2291"]
[BlackElo "2497"]
[PlyCount "104"]
[EventDate "2019.05.??"]
[EventType "swiss"]
[EventRounds "9"]
[EventCountry "USA"]

1. b3 e5 2. Bb2 Nc6 3. Nf3 e4 4. Nd4 Nxd4 5. Bxd4 d5 6. e3 Ne7 7. Bb2 Nc6 8. d3
Qg5 9. h4 Qg6 10. d4 Bg4 11. Qd2 O-O-O 12. Ba3 Bxa3 13. Nxa3 f5 14. g3 Bf3 15.
Rg1 Qg4 16. Be2 f4 17. Bxf3 exf3 18. O-O-O fxe3 19. fxe3 Rhf8 20. Qf2 Rde8 21.
Nb1 Ne7 22. Rdf1 Rf6 23. h5 Nc6 24. Re1 Nd8 25. Rh1 Qd7 26. Rh4 Ne6 27. Nd2 g5
28. hxg6 hxg6 29. e4 g5 30. e5 Rff8 31. Rh5 g4 32. Reh1 b6 33. R1h4 Rg8 34. Nf1
Ng5 35. Qe3 Ne4 36. Rh7 Re7 37. Rh8 Rxh8 38. Rxh8+ Kb7 39. c4 c6 40. Kb2 f2 41.
Rf8 Rh7 42. Rf4 Rf7 43. cxd5 Rxf4 44. dxc6+ Qxc6 45. Qxf4 Qc3+ 46. Ka3 Qxd4 47.
Qf7+ Kc6 48. Qe6+ Kc5 49. Qxg4 Qb4+ 50. Kb2 Qc3+ 51. Ka3 Qc1+ 52. Ka4 Nc3# 0-1

[Event "28th Chicago Open"]
[Site "Chicago"]
[Date "2019.05.27"]
[Round "8"]
[White "Hevia Alejano, Carlos Antonio"]
[Black "Posthuma, Joshua"]
[Result "1-0"]
[WhiteElo "2471"]
[BlackElo "2327"]
[PlyCount "71"]
[EventDate "2019.05.??"]
[EventType "swiss"]
[EventRounds "9"]
[EventCountry "USA"]

1. c4 e5 2. Nc3 Bb4 3. g3 Bxc3 4. bxc3 Nf6 5. Bg2 O-O 6. e4 d6 7. Ne2 Be6 8. d3
c6 9. Rb1 Qc8 10. Bg5 Bh3 11. Bxh3 Qxh3 12. Bxf6 gxf6 13. Ng1 Qg2 14. Qf3 Qxf3
15. Nxf3 Na6 16. Nh4 Nc5 17. Ke2 Rad8 18. Nf5 Rfe8 19. Ne3 a6 20. Rb6 Rb8 21.
Nf5 Na4 22. Rb3 Red8 23. Ra3 Nc5 24. Ke3 Kf8 25. d4 Ne6 26. Rb1 Nc7 27. d5 cxd5
28. cxd5 b5 29. c4 Rb6 30. cxb5 Nxb5 31. Rab3 Rdb8 32. Kd3 Ke8 33. a4 Kd7 34.
axb5 axb5 35. Ra1 R8b7 36. Ra8 1-0